00654nam a2200181 u 450000100100000000500170001000800410002704000250006808200150009310000260010824500620013426000350019630000280023159000740025904900090033395201130034299900170045500003615620200930074924.0111221s1975 it r 000 0 spa d aDO-SdBNPbspacBNPHU axxxxbxxxx1 aPucci, Eugenio96219010aPompeya :bguía practica para visitar las excavaciones. a[Italia] :bBonechi- Edixioni. a126 p. :bil. ;c20 cm. aPerteneció a la bibliteca personal de Juan Isidro Jimenes Grullón aBNPD 001050718MOaGRbGRcCTd2011-12-21iLF1l0oxxxx xxxxp36156-10r2020-06-25w2020-06-25y1ZNo se presta c35647d35647